LEADER 02718nam 2200589 a 450 001 9910454363703321 005 20200520144314.0 010 $a0-8214-4209-0 035 $a(CKB)1000000000521652 035 $a(EBL)1773367 035 $a(OCoLC)191944035 035 $a(SSID)ssj0000285350 035 $a(PQKBManifestationID)11226485 035 $a(PQKBTitleCode)TC0000285350 035 $a(PQKBWorkID)10278324 035 $a(PQKB)10438055 035 $a(MiAaPQ)EBC1773367 035 $a(MdBmJHUP)muse9509 035 $a(Au-PeEL)EBL1773367 035 $a(CaPaEBR)ebr10156420 035 $a(EXLCZ)991000000000521652 100 $a20050922d2006 ub 0 101 0 $aeng 135 $aur|n|---||||| 181 $ctxt 182 $cc 183 $acr 200 14$aThe wake of Wellington$b[electronic resource] $eEnglishness in 1852 /$fPeter W. Sinnema 210 $aAthens $cOhio University Press$dc2006 215 $a1 online resource (199 p.) 225 1 $aSeries in Victorian Studies 300 $aDescription based upon print version of record. 311 $a0-8214-1679-0 320 $aIncludes bibliographical references (p. 153-160) and index. 327 $aIllustrations; Acknowledgments; Introduction; Chronology; 1 Aftereffects; 2 First Rehearsal; 3 Second Rehearsal; 4 The Waiting Game; 5 Obsequies and Sanctification; 6 Irish Opposition; 7 Epilogue The Hyde Park Corner Controversy; Notes; Bibliography; Index 330 $a Soldier, hero, and politician, the Duke of Wellington is one of the best-known figures of nineteenth-century England. From his victory at Waterloo over Napoleon in 1815, he rose to become prime minister of his country. But Peter Sinnema finds equal fascination in Victorian England's response to the Duke's death. The Wake of Wellington considers Wellington's spectacular funeral pageant in the fall of 1852-an unprecedented event that attracted one and a half million spectators to London-as a threshold event against which the life of the soldier-hero and High-Tory statesman could be re-viewe 410 0$aSeries in Victorian Studies 606 $aFuneral rites and ceremonies$zGreat Britain$xHistory$y19th century 606 $aNational characteristics, English$xHistory$y19th century 607 $aEngland$xCivilization$y19th century 608 $aElectronic books. 615 0$aFuneral rites and ceremonies$xHistory 615 0$aNational characteristics, English$xHistory 676 $a941.07092 700 $aSinnema$b Peter W$0955865 801 0$bMiAaPQ 801 1$bMiAaPQ 801 2$bMiAaPQ 906 $aBOOK 912 $a9910454363703321 996 $aThe wake of Wellington$92163553 997 $aUNINA LEADER 02927nam 22005894a 450 001 9910782900903321 005 20231010180351.0 010 $a0-19-756251-5 010 $a1-281-92552-7 010 $a9786611925529 010 $a0-19-971727-3 035 $a(CKB)1000000000715779 035 $a(EBL)415295 035 $a(OCoLC)437093544 035 $a(SSID)ssj0000152605 035 $a(PQKBManifestationID)11163179 035 $a(PQKBTitleCode)TC0000152605 035 $a(PQKBWorkID)10339306 035 $a(PQKB)10748940 035 $a(MiAaPQ)EBC415295 035 $a(StDuBDS)EDZ0002341665 035 $a(Au-PeEL)EBL415295 035 $a(CaPaEBR)ebr10273145 035 $a(CaONFJC)MIL192552 035 $a(EXLCZ)991000000000715779 100 $a20061106d2008 uy 0 101 0 $aeng 135 $aur||||||||||| 181 $ctxt$2rdacontent 182 $cc$2rdamedia 183 $acr$2rdacarrier 200 10$aEye movement disorders /$fAgnes M.F. Wong 210 $aOxford ;$aNew York $cOxford University Press$d2008 215 $a1 online resource (xiv, 294 pages) $cillustrations (chiefly color) 225 1 $aOxford scholarship online 300 $aPreviously issued in print: 2008. 311 0 $a0-19-532426-9 320 $aIncludes bibliographical references (p. 263-274) and index. 327 $aEye rotations, the extraocular muscles, and strabismus terminology -- Introduction to the six eye movement systems and the visual fixation system -- The vestibular and optokinetic systems -- The saccadic system -- The smooth pursuit system -- The vergence system -- Nystagmus -- Saccadic dyskinesia, other involuntary eye movements, and gaze deviations -- Ocular motor disorders caused by lesions in the brainstem -- Ocular motor disorders caused by lesions in the cerebellum -- Ocular motor disorders caused by lesions in the cerebrum -- Nuclear and infranuclear ocular motor disorders -- Disorders of neuromuscular transmission -- Disorders affecting the extraocular muscles. 330 8 $aEye Movement Disorders, by Dr. Agnes Wong, presents eye movement disorders in a full-colour, highly illustrative format. This text explains eye movement disorders in a concise yet comprehensive manner, covering the intricate relationship between eye movement disorders, and their underlying neuroanatomy and pathophysiology. Its easy-to-read and user-friendly approach will appeal to specialists in ophthalmology, neurology, and neurosurgery who need a rapid reference on less familiar clinical problems. 410 0$aOxford scholarship online. 606 $aEye$xMovement disorders 615 0$aEye$xMovement disorders. 676 $a617.7/62 700 $aWong$b Agnes M. F.$f1968-$01531619 801 0$bMiAaPQ 801 1$bMiAaPQ 801 2$bMiAaPQ 906 $aBOOK 912 $a9910782900903321 996 $aEye movement disorders$93777462 997 $aUNINA